| 000 | 00494nam a2200193Ia 4500 | ||
|---|---|---|---|
| 001 | 1184 | ||
| 008 | 140313s9999 xx 000 0 und d | ||
| 020 | _a534043860 | ||
| 040 | _cPK-LaUMT | ||
| 082 |
_a 515 _bTAY-A |
||
| 100 | _aClaudia Taylor | ||
| 245 |
_aApplied calculus _cClaudia Taylor<>Lawrence Gilligan |
||
| 260 |
_aCalifornia, USA: _bBrooks/Cole Publishing Company, _c1985. |
||
| 300 | _a466 p. | ||
| 546 | _aEN | ||
| 650 | _aCalculus | ||
| 700 | _aLawrence Gilligan | ||
| 942 | _cBK | ||
| 999 |
_c1493 _d1493 |
||